Estatísticas para 100 maiores Artilheiros da UEFA Champions League

Clique aqui para jogar o quiz

Estatísticas Gerais

  • Esse quiz foi jogado 1 329 vezes
    (1 313 desde o último reset)
  • A pontuação média é 41 de 100

Estatísticas das Respostas

NACIONALIDADECLUBESGOLSResposta% Correto
PORManchester United, Juventus, Real Madrid140Cristiano Ronaldo
100%
ARGBarcelona, PSG125Lionel Messi
100%
FRALyon, Real Madrid76Karim Benzema
96%
POLBorussia Dortmund, Bayern Munique82Robert Lewandowski
93%
BRABarcelona, PSG41Neymar
92%
GERBayern Munique34Gerd Müller
90%
GERBayern Munique50Thomas Müller
90%
FRAMonaco, PSG31Kylian Mbappè
89%
SWEAjax, Juventus, Internazionale, Barcelona, Milan, Psg48Zlatan Ibrahimovic
87%
EGYBasel, Roma, Liverpool36Mohamed Salah
86%
FRAMonaco, Arsenal, Barcelona50Thierry Henry
86%
ESPReal Madrid, Schalke 0471Raúl
84%
BRAMilan, Real Madrid30Kaká
80%
ARGAtletico Madrid, Manchester City41Sergio Kun Agüero
79%
URUNapoli, PSG35Edinson Cavani
78%
URUAjax, Barcelona, Atletico Madrid27Luis Suárez
78%
NEDPSV Eindhoven, Chelsea, Real Madrid, Bayern Munique31Arjen Robben
76%
PORBenfica46Eusébio
74%
BRABarcelona, Milan18Ronaldinho Gaúcho
73%
NORRed Bull Salzburg, Borussia Dortmund23Erling Haaland
72%
CIVMarseille, Chelsea, Galatasaray44Didier Drogba
71%
HUNBudapest Honvéd, Real Madrid36Ferenc Puskás
70%
ENGManchester United30Wayne Rooney
69%
UKRDinamo Kiev, Milan, Chelsea48Andriy Shevchenko
68%
ARGReal Madrid49Di Stéfano
66%
WALTottenham, Real Madrid20Gareth Bale
66%
CMRMallorca, Barcelona, Internazionale, Chelsea30Samuel Eto'o
65%
SENLiverpool21Sadio Mané
64%
ARGReal Madrid, PSG22Ángel Di María
61%
FRAAtletico Madrid, Barcelona29Antoine Griezmann
60%
ENGTottenham20Harry Kane
60%
ITAJuventus42Alessandro Del Piero
58%
BRALiverpool18Roberto Firmino
56%
BRAPSV Eindhoven, Barcelona20Romário
54%
NEDArsenal, Manchester United25Robin van Persie
53%
BRABarcelona, Milan, Olympiakos27Rivaldo
51%
NEDPSV Eindhoven, Manchester United, Real Madrid56Van Nistelrooy
50%
ESPLiverpool, Chelsea, Atletico Madrid20Fernando Torres
49%
FRABayern Munique18Franck Ribéry
48%
ARGReal Madrid, Napoli, Juventus24Gonzalo Higuain
48%
BRASpartak Moscou, Shakhtar Donetsk21Luiz Adriano
47%
ITARoma17Francesco Totti
46%
KORBayer Leverkusen, Tottenham17Heung-min Son
46%
PORBarcelona, Real Madrid, Internazionale24Luís Figo
46%
WALManchester United28Ryan Giggs
46%
ENGChelsea23Frank Lampard
45%
NEDAjax19Johan Cruyff
45%
BRAPorto, Zenit17Hulk
43%
GERBorussia Dortmund21Marco Reus
43%
BRAManchester City19Gabriel Jesus
42%
NEDMilan19Marco van Basten
42%
ENGLiverpool21Steven Gerrard
42%
ITAJuventus, Milan46Filippo Inzaghi
39%
BRALyon18Juninho Pernambucano
39%
ESPReal Madrid, Juventus, Chelsea, Atletico Madrid23Álvaro Morata
37%
ARGParma, Lazio, Internazionale, Chelsea, Milan25Hernán Crespo
33%
PORBenfica19José Torres
31%
BIHWolfsburg, Manchester City, Roma, Internazionale25Edin Džeko
30%
CROJuventus, Atletico Madrid, Bayern Munique21Mario Mandzukic
30%
ARGJuventus18Paulo Dybala
28%
MEXReal Madrid17Hugo Sánchez
27%
BRAShakhtar Donetsk, Chelsea18Willian
25%
ESPArsenal, Chelsea, Barcelona20Cesc Fàbregas
24%
ESPReal Madrid, Monaco, Liverpool, Valencia33Fernando Morientes
24%
FRAArsenal, Chelsea18Olivier Giroud
24%
ENGManchester City23Raheen Sterling
24%
FRAMonaco, Juventus29David Trezeguet
23%
ENGManchester United24Paul Scholes
23%
GERStuttgart, Bayern Munique26Mario Gómez
22%
BRAPorto, Galatasaray25Mario Jardel
21%
ESPReal Madrid30Francisco Gento
17%
FRAJuventus17Michel Platini
16%
NEDAjax, Barcelona29Patrick Kluivert
16%
BULCSKA Sofia, Barcelona17Hristo Stoichkov
15%
PERWerder Bremen, Bayern Munique21Claudio Pizarro
12%
FINAjax, Liverpool23Jari Litmanen
12%
BRABayern Munique, Lyon24Giovane Élber
11%
FRAArsenal, Real Madrid, PSG, Chelsea20Nicolas Anelka
11%
NORManchester United19Ole Gunnar Solskjaer
10%
FRAMarseille, Milan, Bayern Munique28Jean-Pierre Papin
7%
ENGManchester United18Andy Cole
6%
NEDLa Coruña, Bayern Munique29Roy Makaay
6%
ARGBarcelona, Monaco, Malaga, Olympiakos18Javier Saviola
3%
BRAMilan, Juventus24José Altafini
3%
PORBenfica18José Águas
2%
PORBenfica24José Augusto
2%
ARGPorto, Lyon19Lisandro López
2%
ARGPorto, Olympique Marseille18Lucho Gonzáles
2%
ITAInternazionale17Sandro Mazzola
2%
ESPReal Madrid20Amancio
1%
ARGFeyenoord, Internazionale19Julio Cruz
1%
ESPBarcelona19Luis Enrique
1%
ITAMilan, PSG, Monaco24Marco Simone
1%
BELAndelecht20Paul van Himst
1%
ESPReal Madrid18Pirri
1%
ESPReal Madrid22Santillana
1%
UKRDinamo Kiev21Sergiy Rebrov
1%
NORRosenborg, Valencia, Lyon18John Carew
0%
SVKSpartak Trnva, FK Dukla Prag18Josef Adamec
0%
BELAnderlecht, PSV Eindhoven17Luc Nilis
0%

Distribuição das Pontuações

Percentil de Números Respondidos

Porcentagem de Pessoas com Cada Pontuação

Sua Pontuação Histórica

Você não jogou esse quiz desde o último reset